000 00539nam a2200229Ia 4500
005 20250425161813.0
008 250425s9999 xx 000 0 und d
041 _aspa
082 _a005.78
100 _aMEJIA LUNA, JACQUELINE
245 0 _aMANUAL DE MICROSOFT PROJECT
250 _a1A ED.
260 _aEcuador
_bS.E.
260 _aGUAYAQUIL
300 _a53
500 _aNO CONTIENE AÑO NI EDITORIAL
650 _aBASIC
650 _aMICROSOFT
650 _aPROGRAMAS DE COMPUTACION
942 _c01
010 _a30309
999 _c216438
_d216438